| 000 | 00487cam a2200157u 4500 | ||
|---|---|---|---|
| 999 |
_c9756 _d9756 |
||
| 005 | 20220302160135.0 | ||
| 008 | 830103s1938 enka 000 0 eng | ||
| 020 | _a9788193983386 | ||
| 082 |
_a744 _bMOR |
||
| 100 | 1 | _aMorris, I. Hammond. [from old catalog] | |
| 245 | 0 | 0 | _aGeometrical drawing for art students, |
| 260 |
_aLondon, _aNew York [etc.] _bLongmans, Green and co. _c[1938] |
||
| 300 |
_a4 p. _bl., 228 p. illus., diagrs. _c19 cm. |
||
| 650 | 0 | _aGeometrical drawing. | |
| 942 | _2ddc | ||